00669nam a2200241 a 4500001001300000003000900013005001700022008004100039020001000080082001500090100001600105245003800121260003000159300000800189500003500197505001000232650002400242700001600266902000800282942000700290952011500297999001500412nice12345678IN_TiNIC20260116012216.0050524s1993 teha grp 000 0 per  ac10000a275.5bMIL aMiller, W M aTarikh Kalisiya-E-qadeem Dar Iran aTehranbNur-I-Jahanc1993 a63p aincludes index and biblioraphy2 aIndex aChurch-History Iran1 aMiller, W M bSRS cBK 001040708StackRoom-aHMIbHMId2007-07-19g100.00l0o275.5 MILp08286r2007-07-19v100.00w2005-05-24yBK c6082d6082